Chemistry: Core concepts (Record no. 394572)

MARC details
000 -LEADER
fixed length control field 00651 a2200253 4500
005 - DATE & TIME
control field 20260129110051.0
008 - FIXED-LENGTH DATA ELEMENTS--GENERAL INFORMATION
fixed length control field 260128b |||||||| |||| 00| 0 eng d
020 ## - ISBN
International Standard Book Number 9781394183869
Price $ 111.95
040 ## - CATALOGING SOURCE
Original cataloging agency VIVEKANANDA LIBRARY
082 ## - DDC NUMBER
Classification number 540
Book Number B561C(3)
100 ## - MAIN ENTRY--PERSONAL NAME
Personal name Blackman, Allan
245 ## - TITLE STATEMENT
Title Chemistry: Core concepts
250 ## - EDITION STATEMENT
Edition statement 3rd
260 ## - PUBLICATION, DISTRIBUTION, ETC. (IMPRINT)
Name of publisher, distributor, etc John Wiley
Date of publication, distribution, etc 2024
Place of publication, distribution, etc Brisbane
300 ## - PHYSICAL DESCRIPTION
Pages x, 957
650 ## - Subject
Subject Chemistry
650 ## - Subject
Subject Reaction Kinetics
650 ## - Subject
Subject Organic Chemistry
700 ## - Added Entry Personal Name
Added Entry Personal Name Southam, Daniel
700 ## - Added Entry Personal Name
Added Entry Personal Name Lawrie, Gwendolyn
700 ## - Added Entry Personal Name
Added Entry Personal Name Williamson, Natalie
700 ## - Added Entry Personal Name
Added Entry Personal Name Thompson, christopher
942 ## - ADDED ENTRY ELEMENTS (KOHA)
Koha item type Books
Holdings
Withdrawn status Lost status Source of classification or shelving scheme Damaged status Not for loan Location (home branch) Sublocation or collection (holding branch) Shelving location Date acquired Koha issues (times borrowed) Koha full call number Accession No. Koha date last seen Koha item type
    Dewey Decimal Classification     VIVEKANANDA LIBRARY VIVEKANANDA LIBRARY Vivekananda Library 17/12/2025   540 B561C(3) 443673 17/12/2025 Books
© Designed and Maintained by Vivekananda Library, MDU Rohtak